[Event "BEL-chT 1819"]
[Site "Belgium"]
[Date "2019.02.03"]
[Round "6.2"]
[White "Carlier, Bruno"]
[Black "Pijpers, Arthur"]
[Result "1/2-1/2"]
[WhiteElo "2385"]
[BlackElo "2465"]
[PlyCount "109"]
[EventDate "2018.09.30"]
[EventType "team-tourn"]
[EventRounds "11"]
[EventCountry "BEL"]
[SourceTitle "CBM 189 Extra"]
[Source "ChessBase"]
[SourceDate "2019.06.03"]
[SourceVersion "1"]
[SourceVersionDate "2019.06.03"]
[SourceQuality "1"]
[WhiteTeam "Boitsfort"]
[BlackTeam "KGSRL"]
[WhiteTeamCountry "BEL"]
[BlackTeamCountry "BEL"]

1. Nf3 d5 2. g3 Nf6 3. Bg2 c5 4. 0-0 g6 5. c3 Bg7 6. d4 0-0 7. dxc5 a5 8. c4 dxc4 9. Qxd8 Rxd8 10. Ne5 Nfd7 11. Nxc4 Nxc5 12. Nb6 Ra6 13. Nxc8 Rxc8 14. Nc3 Rd6 15. Be3 Nba6 16. Rac1 b6 17. Nd5 Kf8 18. Bg5 f6 19. Bf4 e5 20. Be3 f5 21. Bg5 Kf7 22. e4 Nb4 23. Nxb4 axb4 24. Be3 Ra8 25. Rc4 Rxa2 26. Rxb4 Nd3 27. Rd1 Bf8 28. Rxb6 Rxb6 29. Bxb6 Rxb2 30. Be3 f4 31. Rxd3 fxe3 32. Rxe3 Bc5 33. Rf3+ Kg7 34. Bf1 Rb6 35. Rc3 Bd4 36. Rc7+ Kh6 37. Rf7 g5 38. Bh3 Kg6 39. Rc7 h5 40. Bf5+ Kf6 41. Rh7 h4 42. gxh4 gxh4 43. Rxh4 Rb2 44. Rh6+ Kg5 45. Rg6+ Kh5 46. Kg2 Bxf2 47. Kf3 Bh4 48. h3 Rb3+ 49. Ke2 Rxh3 50. Re6 Ra3 51. Rxe5 Kg5 52. Rb5 Kf4 53. Bh7 Re3+ 54. Kd1 Bg3 55. Kc2 1/2-1/2

[Event "Charleroi op"]
[Site "Charleroi"]
[Date "2016.08.04"]
[Round "7"]
[White "Carlier, Bruno"]
[Black "Decrop, Benjamin"]
[Result "1/2-1/2"]
[WhiteElo "2403"]
[BlackElo "2098"]
[PlyCount "43"]
[EventDate "2016.07.30"]
[EventType "swiss"]
[EventRounds "9"]
[EventCountry "BEL"]
[SourceTitle "CBM 173 Extra"]
[Source "ChessBase"]
[SourceDate "2016.08.29"]
[SourceVersion "1"]
[SourceVersionDate "2016.08.29"]
[SourceQuality "1"]

1. e4 c5 2. Nf3 d6 3. d3 Nc6 4. g3 Nf6 5. Bg2 e6 6. 0-0 Be7 7. Re1 Qc7 8. Nc3 0-0 9. Bf4 Ne5 10. Nb5 Qb8 11. a4 a6 12. Nc3 Bd7 13. a5 Qc7 14. Nd2 h6 15. Nc4 Bb5 16. Na3 Bc6 17. Nc4 Bb5 18. Nb6 Rad8 19. Nxb5 axb5 20. c4 Nfd7 21. Nxd7 Qxd7 22. Qb3 1/2-1/2

[Event "Charleroi op"]
[Site "Charleroi"]
[Date "2016.08.02"]
[Round "5"]
[White "Carlier, Bruno"]
[Black "Fontaine, Quentin"]
[Result "1/2-1/2"]
[WhiteElo "2403"]
[BlackElo "2238"]
[PlyCount "48"]
[EventDate "2016.07.30"]
[EventType "swiss"]
[EventRounds "9"]
[EventCountry "BEL"]
[SourceTitle "CBM 173 Extra"]
[Source "ChessBase"]
[SourceDate "2016.08.29"]
[SourceVersion "1"]
[SourceVersionDate "2016.08.29"]
[SourceQuality "1"]

1. e4 c5 2. Nf3 e6 3. g3 Nc6 4. Bg2 Nf6 5. Qe2 e5 6. c3 Be7 7. 0-0 0-0 8. d4 cxd4 9. cxd4 exd4 10. e5 Ne8 11. Rd1 Qb6 12. Nbd2 d5 13. Nb3 Bg4 14. h3 Bxf3 15. Bxf3 Nc7 16. Bg2 a5 17. Bf4 a4 18. Nc1 a3 19. b3 Nb5 20. Qg4 Nb4 21. Nd3 Rfd8 22. Bg5 Nc6 23. Bf6 g6 24. Qh4 Bf8 1/2-1/2

[Event "Charleroi op"]
[Site "Charleroi"]
[Date "2016.07.31"]
[Round "2"]
[White "Uhoda, Philippe"]
[Black "Carlier, Bruno"]
[Result "0-1"]
[WhiteElo "2161"]
[BlackElo "2403"]
[PlyCount "106"]
[EventDate "2016.07.30"]
[EventType "swiss"]
[EventRounds "9"]
[EventCountry "BEL"]
[SourceTitle "CBM 173 Extra"]
[Source "ChessBase"]
[SourceDate "2016.08.29"]
[SourceVersion "1"]
[SourceVersionDate "2016.08.29"]
[SourceQuality "1"]

1. d4 e6 2. c4 Bb4+ 3. Bd2 a5 4. Nf3 Nf6 5. g3 Nc6 6. Bg2 d6 7. 0-0 e5 8. Bxb4 axb4 9. e3 0-0 10. Qb3 exd4 11. exd4 d5 12. c5 Ne4 13. Rd1 Be6 14. Ne1 f5 15. Nc2 Qf6 16. f3 Ng5 17. Nxb4 Nxd4 18. Qd3 Ndxf3+ 19. Bxf3 Qxb2 20. Nc2 Nxf3+ 21. Qxf3 Qxc2 22. Nc3 f4 23. Rac1 Qg6 24. Nxd5 Bxd5 25. Rxd5 fxg3 26. Qxg3 Qxg3+ 27. hxg3 c6 28. Rd7 Rf7 29. Rd2 h6 30. Rc3 Ra5 31. Rb2 Kf8 32. a3 Ke8 33. Rd2 Rd7 34. Rxd7 Kxd7 35. Rd3+ Ke6 36. Re3+ Kd5 37. Re7 Rxa3 38. Rxg7 Rb3 39. Kf2 Kxc5 40. Rh7 b5 41. Rxh6 b4 42. g4 Rd3 43. g5 Rd5 44. g6 Rg5 45. Ke3 b3 46. Kd2 Kb4 47. g7 c5 48. Rb6+ Kc4 49. Rb7 Rg2+ 50. Kd1 Kc3 51. Ke1 c4 52. Kf1 Rg6 53. Ke2 Kd4 0-1

[Event "NED-chT 1314"]
[Site "Netherlands"]
[Date "2014.01.04"]
[Round "4.5"]
[White "Carlier, Bruno"]
[Black "Solleveld, Maarten"]
[Result "0-1"]
[WhiteElo "2434"]
[BlackElo "2523"]
[PlyCount "102"]
[EventDate "2013.09.21"]
[EventType "team-tourn"]
[EventRounds "9"]
[EventCountry "NED"]
[SourceTitle "EXT 2015"]
[Source "ChessBase"]
[SourceDate "2014.11.20"]
[SourceVersion "1"]
[SourceVersionDate "2014.11.20"]
[SourceQuality "1"]
[WhiteTeam "Rotterdam"]
[BlackTeam "Apeldoorn"]
[WhiteTeamCountry "NED"]
[BlackTeamCountry "NED"]

1. e4 c5 2. Nf3 e6 3. g3 d5 4. exd5 exd5 5. Bg2 Nf6 6. 0-0 Be7 7. d4 0-0 8. dxc5 Bxc5 9. Nc3 Nc6 10. a3 h6 11. b4 Bb6 12. Bb2 Bf5 13. Na4 Bc7 14. Nc5 b6 15. Na6 Bd6 16. c4 Bg4 17. cxd5 Ne5 18. Qb3 Nxf3+ 19. Bxf3 Bd7 20. b5 Ng4 21. Bg2 Qg5 22. h3 Nf6 23. a4 Rae8 24. Rae1 Bf5 25. Ba3 Bc2 26. Qxc2 Bxa3 27. Qc3 Bd6 28. Qd3 Nd7 29. h4 Qf6 30. Re4 Qb2 31. Rfe1 Rxe4 32. Rxe4 Qa1+ 33. Kh2 Nf6 34. Rc4 Re8 35. Qc2 h5 36. Bh3 Re1 37. Rc8+ Bf8 38. Kg2 Rh1 39. Bf5 Rg1+ 40. Kf3 Qe5 41. Nb4 g6 42. Bxg6 Kg7 43. Nc6 Qxd5+ 44. Be4 Qe6 45. Bf5 Qd5+ 46. Be4 Rc1 47. Bxd5 Rxc2 48. Be4 Rc3+ 49. Kf4 Bd6+ 50. Kg5 Nxe4+ 51. Kxh5 Nf6+ 0-1

[Event "NED-chT 1213"]
[Site "Netherlands"]
[Date "2012.10.06"]
[Round "2.8"]
[White "Carlier, Bruno"]
[Black "De Groote, Jesper"]
[Result "1-0"]
[WhiteElo "2393"]
[BlackElo "2107"]
[PlyCount "125"]
[EventDate "2012.09.15"]
[EventType "team-tourn"]
[EventRounds "9"]
[EventCountry "NED"]
[SourceTitle "CBM 150 Extra"]
[Source "ChessBase"]
[SourceDate "2012.10.19"]
[SourceVersion "1"]
[SourceVersionDate "2012.10.19"]
[SourceQuality "1"]
[WhiteTeam "Rotterdam"]
[BlackTeam "BSG"]
[WhiteTeamCountry "NED"]
[BlackTeamCountry "NED"]

1. Nf3 Nf6 2. g3 d5 3. Bg2 e6 4. 0-0 Nbd7 5. c4 c6 6. Qc2 Be7 7. d4 0-0 8. Nbd2 b6 9. e4 dxe4 10. Nxe4 Bb7 11. Rd1 Qc8 12. Nc3 Rd8 13. Bf4 b5 14. b3 b4 15. Ne4 Nxe4 16. Qxe4 c5 17. d5 Bf6 18. Ng5 Nf8 19. Rac1 e5 20. Be3 a5 21. Qc2 Bxg5 22. Bxg5 f6 23. Be3 Ra6 24. a3 Qc7 25. f4 Ng6 26. Qf2 exf4 27. gxf4 Rc8 28. axb4 axb4 29. Ra1 Qd6 30. Rxa6 Bxa6 31. Ra1 Bb7 32. Ra5 Re8 33. Bxc5 Qxf4 34. Qxf4 Nxf4 35. Bf1 Nxd5 36. Bg2 Re1+ 37. Kf2 Rd1 38. Bxd5+ Bxd5 39. cxd5 Rxd5 40. Bxb4 Rd3 41. Ra3 h5 42. Ke2 Rh3 43. Bd6 Kh7 44. Kd2 Kg6 45. Kc2 Kf5 46. Ra6 Ke4 47. Bb8 Kd5 48. Rd6+ Kc5 49. Rd3 Rh4 50. Kc3 Re4 51. b4+ Kc6 52. Rd4 Re1 53. Rc4+ Kb7 54. Bg3 Re7 55. b5 g5 56. Rc6 Re3+ 57. Kc4 Rf3 58. Rc7+ Kb6 59. Rh7 Rf1 60. Bc7+ Kb7 61. Bd6+ Kc8 62. Kd5 Rc1 63. b6 1-0

[Event "FRA-chT1 1011"]
[Site "France"]
[Date "2010.12.11"]
[Round "4.3"]
[White "Bergez, Luc"]
[Black "Carlier, Bruno"]
[Result "1-0"]
[WhiteElo "2411"]
[BlackElo "2402"]
[PlyCount "103"]
[EventDate "2010.10.17"]
[EventType "team-tourn"]
[EventRounds "11"]
[EventCountry "FRA"]
[SourceTitle "EXT 2012"]
[Source "ChessBase"]
[SourceDate "2011.11.24"]
[SourceVersion "1"]
[SourceVersionDate "2011.11.24"]
[SourceQuality "1"]

1. e4 d6 2. d4 Nf6 3. Nc3 e5 4. Nf3 Nbd7 5. g3 g6 6. Bg2 Bg7 7. 0-0 0-0 8. a4 a5 9. h3 Re8 10. Re1 c6 11. Be3 Qc7 12. Qd2 exd4 13. Nxd4 Nc5 14. Bh6 Be6 15. Rad1 Rad8 16. Bg5 Qb6 17. Qe3 Qb4 18. Nde2 Bc8 19. Qf3 Ncd7 20. Qf4 Re5 21. Rd4 Qc5 22. h4 Rde8 23. Qd2 R5e6 24. Nf4 Ng4 25. Nxe6 Rxe6 26. Rd1 Bxd4 27. Qxd4 Qxd4 28. Rxd4 f5 29. Bd8 Ngf6 30. exf5 gxf5 31. Rd2 Re1+ 32. Bf1 d5 33. Rd1 Rxd1 34. Nxd1 b6 35. Ne3 Kf7 36. Nxf5 Ke8 37. Bc7 Nc5 38. Bxb6 Bxf5 39. Bxc5 Bxc2 40. Bb6 Bxa4 41. Bxa5 Bc2 42. f3 c5 43. Bb6 Nd7 44. Bb5 c4 45. Bc5 Kd8 46. Bd6 Nb6 47. Kf2 Ba4 48. Bxa4 Nxa4 49. Be5 Nc5 50. Ke3 Nd3 51. Bc3 Kd7 52. g4 1-0

[Event "FRA-chT1 0910"]
[Site "France"]
[Date "2009.12.13"]
[Round "7.3"]
[White "Babault, Patrice"]
[Black "Carlier, Bruno"]
[Result "1-0"]
[WhiteElo "2374"]
[BlackElo "2401"]
[PlyCount "55"]
[EventDate "2009.09.27"]
[EventType "team-tourn"]
[EventRounds "11"]
[EventCountry "FRA"]
[SourceTitle "EXT 2011"]
[Source "ChessBase"]
[SourceDate "2010.11.26"]
[SourceVersion "1"]
[SourceVersionDate "2010.11.26"]
[SourceQuality "1"]

1. e4 g6 2. d4 Bg7 3. Nc3 c6 4. Nf3 d5 5. h3 dxe4 6. Nxe4 Nd7 7. Bc4 Ngf6 8. Nc3 0-0 9. 0-0 c5 10. a4 cxd4 11. Qxd4 Nb6 12. Bb3 Qxd4 13. Nxd4 e6 14. Rd1 Bd7 15. a5 Nbd5 16. Na4 Rfc8 17. c4 Nb4 18. Nc3 Be8 19. Be3 a6 20. Na4 Bxa4 21. Rxa4 Nc6 22. Nxc6 bxc6 23. Rb4 c5 24. Rb6 Bf8 25. Ba4 Be7 26. Bc6 Ra7 27. Bf4 Bd8 28. Rb8 1-0

[Event "FRA-chT1B 0809"]
[Site "France"]
[Date "2009.03.14"]
[Round "8.3"]
[White "Tirard, Hugo"]
[Black "Carlier, Bruno"]
[Result "1/2-1/2"]
[WhiteElo "2434"]
[BlackElo "2403"]
[PlyCount "48"]
[EventDate "2008.10.19"]
[EventType "team-tourn"]
[EventRounds "11"]
[EventCountry "FRA"]
[SourceTitle "EXT 2010"]
[Source "ChessBase"]
[SourceDate "2010.11.25"]
[SourceVersion "1"]
[SourceVersionDate "2010.11.25"]
[SourceQuality "1"]
[WhiteTeam "Deauville"]
[BlackTeam "Cappelle la Grande"]
[WhiteTeamCountry "FRA"]
[BlackTeamCountry "FRA"]

1. e4 g6 2. d4 Bg7 3. Nc3 d6 4. Nf3 Nf6 5. Be3 c6 6. Qd2 Ng4 7. Bg5 f6 8. Bh4 Nd7 9. h3 Nh6 10. a4 a5 11. Bc4 Nb6 12. Bb3 Nf7 13. 0-0 0-0 14. d5 c5 15. Qe2 g5 16. Bg3 f5 17. exf5 Bxf5 18. Ne4 h6 19. c4 Qd7 20. Bh2 Nh8 21. Rfe1 Ng6 22. Bc2 Rae8 23. Qd3 Nh8 24. g4 Bg6 1/2-1/2

[Event "FRA-chT1A 0708"]
[Site "France"]
[Date "2008.03.15"]
[Round "8.4"]
[White "Carlier, Bruno"]
[Black "Alanic, Xavier"]
[Result "1-0"]
[WhiteElo "2398"]
[BlackElo "2284"]
[PlyCount "115"]
[EventDate "2007.10.21"]
[EventType "team"]
[EventRounds "11"]
[EventCountry "FRA"]
[SourceTitle "EXT 2009"]
[Source "ChessBase"]
[SourceDate "2008.11.26"]
[SourceVersion "1"]
[SourceVersionDate "2008.11.26"]
[SourceQuality "1"]
[WhiteTeam "Cappelle la Grande"]
[BlackTeam "Guingamp"]
[WhiteTeamCountry "FRA"]
[BlackTeamCountry "FRA"]

1. Nf3 g6 2. d4 Bg7 3. e4 c6 4. Bd3 d5 5. e5 Nh6 6. c3 0-0 7. h3 c5 8. Bf4 f6 9. Qd2 Nf7 10. exf6 Bxf6 11. h4 e5 12. dxe5 Re8 13. Na3 Nc6 14. 0-0-0 Ncxe5 15. Nxe5 Nxe5 16. Bxe5 Rxe5 17. f4 Re7 18. Bc4 Kg7 19. Qxd5 Qxd5 20. Rxd5 Bf5 21. h5 b6 22. h6+ Kf8 23. Rd6 Bh8 24. Rhd1 Bg4 25. Rd8+ Re8 26. Rxe8+ Rxe8 27. Rd6 Ke7 28. Rd3 a6 29. Bd5 Rd8 30. Nc4 b5 31. Ne5 Bxe5 32. fxe5 c4 33. Rd4 Bc8 34. g3 Rf8 35. Rf4 Rd8 36. Rf7+ Ke8 37. Rxh7 Rxd5 38. Rh8+ Kd7 39. Rg8 Rxe5 40. h7 Rh5 41. h8Q Rxh8 42. Rxh8 Kc7 43. Kd2 Bf5 44. Ke3 Kb6 45. Kd4 Bb1 46. a3 Bc2 47. Rf8 Ka5 48. Rf6 Bf5 49. Kc5 Bd3 50. Re6 Bf5 51. Rd6 Bd3 52. g4 Bc2 53. g5 Be4 54. a4 Kxa4 55. Rxa6+ Kb3 56. Kxb5 Bd3 57. Rc6 Kxb2 58. Kb4 1-0

[Event "FRA-chT1A 0708"]
[Site "France"]
[Date "2007.12.15"]
[Round "4.3"]
[White "Carlier, Bruno"]
[Black "Rainfray, Arnaud"]
[Result "1-0"]
[WhiteElo "2398"]
[BlackElo "2400"]
[PlyCount "133"]
[EventDate "2007.10.21"]
[EventType "team"]
[EventRounds "11"]
[EventCountry "FRA"]
[SourceTitle "EXT 2009"]
[Source "ChessBase"]
[SourceDate "2008.11.26"]
[SourceVersion "1"]
[SourceVersionDate "2008.11.26"]
[SourceQuality "1"]
[WhiteTeam "Cappelle la Grande"]
[BlackTeam "Clichy II"]
[WhiteTeamCountry "FRA"]
[BlackTeamCountry "FRA"]

1. Nf3 d5 2. g3 Nf6 3. Bg2 e6 4. 0-0 Be7 5. c4 0-0 6. d4 dxc4 7. Qc2 a6 8. Qxc4 b5 9. Qc2 Bb7 10. Bd2 Nbd7 11. Ba5 Rc8 12. Nbd2 Qe8 13. b4 Nb8 14. a3 Nc6 15. Nb3 Nxa5 16. Nxa5 Be4 17. Qb2 Nd7 18. Rac1 Bf6 19. Qd2 Nb6 20. Qf4 Bxf3 21. Bxf3 e5 22. dxe5 Bxe5 23. Qd2 Qe6 24. Rc6 Qf5 25. Qc2 Qxc2 26. Rxc2 Na4 27. Nc6 Bd6 28. Bd5 Rfe8 29. Rd1 g6 30. Bb3 Nb6 31. Rd3 Kg7 32. Kg2 h5 33. h4 Re4 34. f3 Ree8 35. e4 Nd7 36. Rd5 Nf6 37. Rd3 Nd7 38. Bd5 Nf6 39. Ba2 Nd7 40. Na5 Ne5 41. Rdc3 Nd7 42. Nb7 Be5 43. Rd3 Nb6 44. f4 Bd6 45. e5 Bf8 46. Rc6 Re7 47. Kf3 Rb8 48. Na5 Rc8 49. Bb3 Nd7 50. Rc2 Nb6 51. Rcd2 Ree8 52. Nc6 Rb8 53. Rd7 Nc4 54. Bxc4 bxc4 55. Rc2 a5 56. bxa5 Bxa3 57. a6 Ra8 58. a7 Bc5 59. Rxc7 Rec8 60. Rxc8 Rxc8 61. Ra2 c3 62. Rc2 Bb6 63. Ke4 f5+ 64. Kd3 Kh6 65. Rxc3 Bf2 66. e6 Kg7 67. e7 1-0

[Event "NED-chT 0607"]
[Site "Netherlands"]
[Date "2007.04.21"]
[Round "8.6"]
[White "Delemarre, Jop"]
[Black "Carlier, Bruno"]
[Result "1-0"]
[WhiteElo "2471"]
[BlackElo "2451"]
[PlyCount "53"]
[EventDate "2006.09.23"]
[EventType "team-tourn"]
[EventRounds "9"]
[EventCountry "NED"]
[SourceTitle "EXT 2008"]
[Source "ChessBase"]
[SourceDate "2007.11.25"]
[SourceVersion "1"]
[SourceVersionDate "2007.11.25"]
[SourceQuality "1"]
[WhiteTeam "Hilversum HSG"]
[BlackTeam "Rotterdam SO"]
[WhiteTeamCountry "NED"]
[BlackTeamCountry "NED"]

1. d4 d6 2. c4 e5 3. Nf3 e4 4. Ng5 f5 5. Nc3 c6 6. Nh3 Be7 7. e3 Nf6 8. Be2 0-0 9. 0-0 Na6 10. d5 c5 11. a3 Nd7 12. Kh1 Ne5 13. f4 exf3 14. gxf3 Kh8 15. Rg1 Bf6 16. Bd2 Bd7 17. Rb1 Qe7 18. Nf4 Qf7 19. b4 b6 20. Rg2 g5 21. Ne6 Rg8 22. b5 Bxe6 23. dxe6 Qxe6 24. Nd5 Nb8 25. Nc7 Qd7 26. Nxa8 Qb7 27. Qc2 1-0

[Event "NED-chT 0607"]
[Site "Netherlands"]
[Date "2007.03.03"]
[Round "6.7"]
[White "Carlier, Bruno"]
[Black "Muhren, Bianca"]
[Result "1/2-1/2"]
[WhiteElo "2451"]
[BlackElo "2295"]
[PlyCount "99"]
[EventDate "2006.09.23"]
[EventType "team-tourn"]
[EventRounds "9"]
[EventCountry "NED"]
[SourceTitle "EXT 2008"]
[Source "ChessBase"]
[SourceDate "2007.11.25"]
[SourceVersion "1"]
[SourceVersionDate "2007.11.25"]
[SourceQuality "1"]
[WhiteTeam "Rotterdam SO"]
[BlackTeam "Calder HMC"]
[WhiteTeamCountry "NED"]
[BlackTeamCountry "NED"]

1. Nf3 d5 2. g3 Nf6 3. Bg2 c6 4. 0-0 Bg4 5. c4 Nbd7 6. cxd5 cxd5 7. Qb3 Qb6 8. Qxb6 Nxb6 9. Nc3 Bxf3 10. Bxf3 e6 11. d3 Be7 12. Bf4 0-0 13. Rac1 a6 14. Bc7 Nbd7 15. Na4 Rac8 16. d4 Rfe8 17. Bb6 Bd6 18. a3 Bb8 19. e3 Kf8 20. b4 Ke7 21. Rfd1 Bd6 22. Kf1 g5 23. h3 h6 24. g4 Rh8 25. Ke2 Rhe8 26. Bc5 Rb8 27. Rc2 b5 28. Bxd6+ Kxd6 29. Nc5 Nxc5 30. bxc5+ Kc6 31. Rb1 Rb7 32. Rcb2 Reb8 33. Kd3 Nd7 34. e4 Nf6 35. e5 Nd7 36. h4 Nf8 37. h5 Nd7 38. Re1 Nf8 39. Bd1 Nh7 40. Kd2 Nf8 41. f4 gxf4 42. Rf1 Nh7 43. Rxf4 Ng5 44. Bc2 a5 45. Bd3 Rg8 46. Ke3 Nh3 47. Rf3 Ng5 48. Rf4 Nh3 49. Rf3 Ng5 50. Rf4 1/2-1/2